[Event "Mittelfr. Einzelmeisterschaft 2012"]
[Site "Weißenburg"]
[Date "2012.04.02"]
[Round "2.11"]
[White "Pöschl, Herbert"]
[Black "Häßlein, Rainer"]
[Result "1-0"]
[WhiteElo "1611"]
[BlackElo "1519"]
[PlyCount "137"]
[EventDate "2012.??.??"]
[WhiteTeam "Weißenburg TSV"]
[BlackTeam "Wolframs-Eschenbach"]

1. Nf3 Nf6 2. d4 d5 3. e3 c5 4. Nbd2 cxd4 5. exd4 Ne4 6. Bd3 Bf5 7. c3 Nxf2 8.
Bb5+ Bd7 9. Bxd7+ Nxd7 10. Kxf2 Nf6 11. Qa4+ Nd7 12. Ne5 e6 13. Ndf3 f6 14.
Nxd7 Qxd7 15. Qxd7+ Kxd7 16. Bf4 g5 17. Bg3 h5 18. h4 g4 19. Ne1 Bh6 20. Nd3 b6
21. Bf4 Bxf4 22. Nxf4 Kd6 23. Rhe1 e5 24. Nd3 e4 25. Nf4 g3+ 26. Kxg3 Rag8+ 27.
Kf2 Rg4 28. g3 f5 29. Nh3 Rhg8 30. Ng5 f4 31. gxf4 Rxh4 32. Ke3 Rf8 33. Rf1 Rh2
34. Rab1 Ke7 35. Rh1 Rg2 36. Rhg1 Rh2 37. c4 dxc4 38. Nxe4 Rh3+ 39. Rg3 Rh4 40.
Rf1 Rh2 41. Rf2 Rh1 42. Rg7+ Ke6 43. Rxa7 Rh8 44. Ra6 h4 45. Rxb6+ Ke7 46. Ng5
h3 47. Nf3 Rb1 48. Rc6 Rb8 49. Rxc4 R8xb2 50. Rcc2 Rb8 51. Rh2 Rh8 52. Ng5 Re1+
53. Kf2 Rd1 54. Nf3 Kd6 55. Re2 Kd5 56. Re5+ Kc4 57. Ke2 Ra1 58. Rc5+ Kb4 59.
Kd3 Rd1+ 60. Nd2 Rh7 61. Kc2 Rg1 62. Nf3 Rg2+ 63. Rxg2 hxg2 64. Rg5 Rh3 65. Ne1
Rc3+ 66. Kb2 Re3 67. Nc2+ Ka4 68. Nxe3 g1=Q 69. Rxg1 1-0

[Event "Mittelfr. Einzelmeisterschaft 2012"]
[Site "Weißenburg"]
[Date "2012.04.02"]
[Round "2.12"]
[White "Rebhann, Leo"]
[Black "Holland, Arthur"]
[Result "0-1"]
[WhiteElo "1517"]
[BlackElo "1839"]
[PlyCount "76"]
[EventDate "2012.??.??"]
[WhiteTeam "Erlangen BSGW"]
[BlackTeam "Spvg Zabo-Eintracht Nürnberg e.V"]

1. d4 e6 2. e3 Nf6 3. Nd2 c5 4. c3 Nc6 5. f4 b6 6. Ngf3 Bb7 7. Bd3 Qc7 8. Qe2
cxd4 9. cxd4 Nb4 10. Bb1 Nc2+ 11. Bxc2 Qxc2 12. O-O Be7 13. Ne1 Qg6 14. Ndf3
O-O 15. Bd2 a5 16. Ne5 Qe4 17. Qf3 d6 18. Qxe4 Nxe4 19. N5f3 Ba6 20. Rf2 Rfc8
21. g3 Nxf2 22. Kxf2 d5 23. a3 Bc4 24. Rb1 Ba2 25. Ra1 Bb3 26. Ke2 f6 27. Kf2
b5 28. h4 Rc4 29. Ke2 Bd8 30. Kf2 Rac8 31. Ke2 Ra4 32. Rb1 b4 33. Ra1 Be7 34.
Bc1 bxa3 35. bxa3 Bc4+ 36. Kf2 Rb8 37. g4 Bb4 38. Nc2 Bc3 0-1

[Event "Mittelfr. Einzelmeisterschaft 2012"]
[Site "Weißenburg"]
[Date "2012.04.02"]
[Round "2.13"]
[White "Horndasch, Lulu"]
[Black "Bader, Norbert"]
[Result "1-0"]
[WhiteElo "1573"]
[BlackElo "1494"]
[PlyCount "73"]
[EventDate "2012.??.??"]
[WhiteTeam "Weißenburg TSV"]
[BlackTeam "Hersbruck SC"]

1. e4 c5 2. Nf3 Nc6 3. d4 cxd4 4. Nxd4 d6 5. Nc3 Bd7 6. Be3 a6 7. a3 Nf6 8. Bd3
Ng4 9. O-O Nxe3 10. fxe3 Nxd4 11. exd4 Qb6 12. Nd5 Qxd4+ 13. Kh1 Rc8 14. Qf3
Be6 15. c3 Qe5 16. Rae1 f6 17. Bc2 h5 18. Nb6 Rc7 19. Ba4+ Kd8 20. Nd5 Rc5 21.
b4 Rc8 22. Qf2 Bxd5 23. Qb6+ Rc7 24. exd5 Qxc3 25. h3 Qxa3 26. Ra1 Qxa1 27.
Rxa1 Kc8 28. Qa7 Kd8 29. Qa8+ Rc8 30. Qxb7 Rc7 31. Qxa6 e5 32. dxe6 g5 33. Bd7
Bg7 34. Qb6 f5 35. Rc1 Be5 36. Qxc7+ Ke7 37. Bc8+ 1-0

[Event "Mittelfr. Einzelmeisterschaft 2012"]
[Site "Weißenburg"]
[Date "2012.04.02"]
[Round "2.14"]
[White "Trefflich, Marcus"]
[Black "Müller, Roland"]
[Result "0-1"]
[WhiteElo "1423"]
[BlackElo "1837"]
[PlyCount "68"]
[EventDate "2012.??.??"]
[WhiteTeam "Treuchtlingen SC"]
[BlackTeam "Lauf a.d.P. SV"]

1. e4 c5 2. b3 e5 3. Bb2 Nc6 4. c3 Nf6 5. d4 Nxe4 6. dxe5 Nxe5 7. Qd5 Bd6 8.
Qxe4 O-O 9. Nd2 Re8 10. O-O-O Ng6 11. Qd3 Bf4 12. Ne2 Bh6 13. g3 d6 14. Bg2 Ne5
15. Qc2 Ng4 16. Rdf1 Rxe2 17. Kb1 Rxd2 18. Qe4 Nxf2 19. Qe1 Rd1+ 20. Qxd1 Nxd1
21. Rxd1 Bf5+ 22. Ka1 Qd7 23. Bf3 g6 24. g4 Be6 25. h4 Bf8 26. c4 Bxg4 27. Bxg4
Qxg4 28. Rdg1 Qd7 29. h5 Re8 30. hxg6 fxg6 31. a4 Bg7 32. Bxg7 Qxg7+ 33. Ka2
Re2+ 34. Kb1 Qb2# 0-1

[Event "Mittelfr. Einzelmeisterschaft 2012"]
[Site "Weißenburg"]
[Date "2012.04.03"]
[Round "3.1"]
[White "Stiller, Jürgen"]
[Black "Bildt, Thomas"]
[Result "1-0"]
[WhiteElo "2200"]
[BlackElo "1994"]
[PlyCount "53"]
[EventDate "2012.??.??"]
[WhiteTeam "Nürnberg Süd SW"]
[BlackTeam "Zirndorf SK"]

1. d4 d5 2. Nf3 c6 3. Bf4 Nf6 4. h3 Bf5 5. e3 e6 6. Be2 Ne4 7. Nbd2 Nd7 8. Nxe4
Bxe4 9. O-O Be7 10. c4 Bxf3 11. gxf3 dxc4 12. Bxc4 Nb6 13. Bb3 Bd6 14. Bxd6
Qxd6 15. f4 O-O-O 16. Qf3 Nd5 17. Kh1 Rdg8 18. Rg1 h6 19. Bxd5 Qxd5 20. Qxd5
exd5 21. Kg2 Kd7 22. Kf3 Ke6 23. Rg3 Kf5 24. h4 g6 25. Rag1 Rg7 26. Ke2 Ke4 27.
Rg5 1-0

[Event "Mittelfr. Einzelmeisterschaft 2012"]
[Site "Weißenburg"]
[Date "2012.04.03"]
[Round "3.2"]
[White "Link, Andreas"]
[Black "Fischer, Gerd"]
[Result "1-0"]
[WhiteElo "1968"]
[BlackElo "2104"]
[PlyCount "99"]
[EventDate "2012.??.??"]
[WhiteTeam "Nürnberg Zabo Spvg"]
[BlackTeam "Gunzenhausen FC"]

1. e4 Nc6 2. Nf3 e6 3. d4 Nf6 4. e5 Ng8 5. Bd3 Nb4 6. Be2 c5 7. c3 Nc6 8. O-O
d5 9. dxc5 Bxc5 10. b4 Be7 11. a4 Qc7 12. Bf4 a6 13. Na3 Bd7 14. Qd2 h6 15. b5
Na5 16. Qb2 Bc5 17. c4 Ne7 18. Rac1 O-O 19. Bd2 axb5 20. Nxb5 Bxb5 21. Qxb5 d4
22. Bd3 b6 23. Rfe1 Rfd8 24. Re4 Nac6 25. h4 Qa7 26. Ra1 Qa6 27. Qb3 Na5 28.
Qc2 Nac6 29. Qb1 Na5 30. Qc2 Nec6 31. Rg4 Kf8 32. Bxh6 gxh6 33. Qd2 Ke7 34.
Qxh6 Rf8 35. Rg7 Ra7 36. h5 Kd8 37. Qf6+ Be7 38. Qf4 f5 39. exf6 Rxf6 40. Rg8+
Kd7 41. Qg4 Ra8 42. Rg6 Nb3 43. Re1 Nc5 44. Nxd4 Nd8 45. Be4 Nxe4 46. Qxe4 Rc8
47. Nb5 Rxg6 48. hxg6 Bf6 49. g7 Bxg7 50. Qh7 1-0

[Event "Mittelfr. Einzelmeisterschaft 2012"]
[Site "Weißenburg"]
[Date "2012.04.03"]
[Round "3.3"]
[White "Kroneder, Christian"]
[Black "Hein, Manfred"]
[Result "1/2-1/2"]
[WhiteElo "2149"]
[BlackElo "2087"]
[PlyCount "81"]
[EventDate "2012.??.??"]
[WhiteTeam "Schwanstetten SK"]
[BlackTeam "Gunzenhausen FC"]

1. e4 d5 2. exd5 Qxd5 3. Nc3 Qa5 4. Bc4 Nf6 5. Nf3 c6 6. Qe2 Bg4 7. Bxf7+ Kxf7
8. Ne5+ Ke8 9. Nxg4 Nxg4 10. Qxg4 Qe5+ 11. Ne2 Nd7 12. d4 Qd6 13. O-O Nf6 14.
Qf3 Qd5 15. Qd3 Qe4 16. Qd1 Rd8 17. c3 h5 18. Re1 Qh4 19. Bf4 Ng4 20. Qd3 Qxf2+
21. Kh1 Qxf4 22. Nxf4 Nf2+ 23. Kg1 Nxd3 24. Nxd3 Rh6 25. Re2 Rf6 26. Rae1 b6
27. Re5 g6 28. Nf2 Kf7 29. Ne4 Rf5 30. Ng5+ Ke8 31. Rxf5 gxf5 32. Rf1 Rd5 33.
Ne6 Ra5 34. d5 cxd5 35. Rxf5 Bh6 36. a3 Bc1 37. b4 Rxa3 38. Nc7+ Kd7 39. Nxd5
e6 40. Nf6+ Kc6 41. b5+ 1/2-1/2

[Event "Mittelfr. Einzelmeisterschaft 2012"]
[Site "Weißenburg"]
[Date "2012.04.03"]
[Round "3.4"]
[White "Wittmann, Helmut"]
[Black "Beck, Karl"]
[Result "1/2-1/2"]
[WhiteElo "2087"]
[BlackElo "2012"]
[PlyCount "88"]
[EventDate "2012.??.??"]
[WhiteTeam "Erlangen BSGW"]
[BlackTeam "Markt Berolzheim SC"]

1. d4 d5 2. c4 c6 3. Nc3 e6 4. Nf3 Be7 5. e4 dxe4 6. Nxe4 Nf6 7. Nxf6+ Bxf6 8.
Be2 O-O 9. O-O Nd7 10. Bf4 c5 11. dxc5 Bxb2 12. Rb1 Ba3 13. Bd6 Re8 14. c6 Bxd6
15. Qxd6 bxc6 16. Rfd1 Qe7 17. Qxe7 Rxe7 18. Ne5 Kf8 19. Nxc6 Re8 20. Bf3 a5
21. Rb5 a4 22. Ne5 Ra7 23. Bc6 Ke7 24. Bxd7 Bxd7 25. Rxd7+ Rxd7 26. Nxd7 Rd8
27. Kf1 Rxd7 28. Ra5 Kd6 29. Ke2 Kc6 30. a3 f6 31. Ra6+ Kc5 32. Rxe6 Kxc4 33.
Rb6 Ra7 34. Kd2 Rd7+ 35. Kc2 Ra7 36. Rb4+ Kd5 37. Kc3 Rc7+ 38. Kd3 Ra7 39. Rb8
f5 40. Rb5+ Ke6 41. h4 Rd7+ 42. Ke3 Rc7 43. Kd3 Rd7+ 44. Ke3 Rc7 1/2-1/2

[Event "Mittelfr. Einzelmeisterschaft 2012"]
[Site "Weißenburg"]
[Date "2012.04.03"]
[Round "3.5"]
[White "Vogt, Peter"]
[Black "Gerl, Hans"]
[Result "1-0"]
[WhiteElo "1910"]
[BlackElo "2059"]
[PlyCount "85"]
[EventDate "2012.??.??"]
[WhiteTeam "Schwanstetten SK"]
[BlackTeam "Zirndorf SK"]

1. e4 c5 2. Nf3 d6 3. d4 cxd4 4. Nxd4 Nf6 5. Nc3 a6 6. Be2 e5 7. Nb3 Be7 8. O-O
O-O 9. Kh1 Nbd7 10. Be3 Qc7 11. a4 b6 12. a5 b5 13. f4 Bb7 14. fxe5 dxe5 15.
Bf3 Rac8 16. Rc1 Rfd8 17. Qe1 Bb4 18. Bd2 h6 19. Rf2 Nc5 20. Nxc5 Qxc5 21. Nd5
Nxd5 22. exd5 Bxd2 23. Rxd2 Qd6 24. Qe4 Rc5 25. Qe2 f5 26. b3 Rc3 27. g4 e4 28.
Bg2 g6 29. gxf5 gxf5 30. Rg1 Kh7 31. Bxe4 Rf8 32. Qg2 Rc7 33. Bxf5+ Kh8 34. Be6
Qf4 35. Rd3 Qf6 36. Rg3 Re7 37. Rg8+ Kh7 38. Rxf8 Qxf8 39. Qe4+ Kh8 40. Qe5+
Rg7 41. Rxg7 Bxd5+ 42. Rg2+ Kh7 43. Bf5+ 1-0

[Event "Mittelfr. Einzelmeisterschaft 2012"]
[Site "Weißenburg"]
[Date "2012.04.03"]
[Round "3.6"]
[White "Bolten, Daniel"]
[Black "Horndasch, Lulu"]
[Result "1-0"]
[WhiteElo "2028"]
[BlackElo "1573"]
[PlyCount "91"]
[EventDate "2012.??.??"]
[WhiteTeam "Nürnberg Süd SW"]
[BlackTeam "Weißenburg TSV"]

1. g3 c6 2. Bg2 e5 3. c4 f5 4. Nc3 Nf6 5. Nf3 Bd6 6. c5 Bc7 7. Qb3 Na6 8. Qc4
Qe7 9. d4 d5 10. cxd6 Bxd6 11. Nxe5 Be6 12. Qa4 O-O 13. Nxc6 Qf7 14. Ne5 Bxe5
15. dxe5 Nd7 16. Qa5 Nac5 17. Be3 b6 18. Qa3 Ne4 19. Nxe4 fxe4 20. Bxe4 Bh3 21.
Qd3 Rae8 22. f4 Nc5 23. Bxc5 bxc5 24. Bd5 Be6 25. Bxe6 Rxe6 26. Qc4 Qg6 27. Qd5
Kh8 28. Rc1 Rb6 29. b3 Qh5 30. Qxc5 Rbb8 31. Kf2 h6 32. Qe3 g5 33. Qf3 Qh3 34.
e3 gxf4 35. gxf4 Qh4+ 36. Ke2 Rbe8 37. h3 Rxe5 38. Qg4 Qf6 39. fxe5 Qf2+ 40.
Kd3 Rd8+ 41. Ke4 Qd2 42. Rhd1 Qb4+ 43. Rd4 Qb7+ 44. Kd3 Qa6+ 45. Rcc4 Rg8 46.
Rd6 1-0

[Event "Mittelfr. Einzelmeisterschaft 2012"]
[Site "Weißenburg"]
[Date "2012.04.03"]
[Round "3.7"]
[White "Holland, Arthur"]
[Black "Koch, Walter"]
[Result "0-1"]
[WhiteElo "1839"]
[BlackElo "1839"]
[PlyCount "51"]
[EventDate "2012.??.??"]
[WhiteTeam "Spvg Zabo-Eintracht Nürnberg e.V"]
[BlackTeam "Cadolzburg TSV"]

1. e4 c6 2. Nc3 d5 3. d3 dxe4 4. dxe4 Qxd1+ 5. Nxd1 Nf6 6. Bd3 Nbd7 7. f3 Nc5
8. Nf2 e5 9. Ne2 Be6 10. O-O Be7 11. Be3 Nfd7 12. b4 Nxd3 13. Nxd3 O-O 14. Ng3
f6 15. Nc5 Nxc5 16. bxc5 g6 17. Rfe1 Rab8 18. a4 b6 19. cxb6 axb6 20. a5 bxa5
21. Rec1 Rb5 22. c4 Rb3 23. Nf1 Bb4 24. Rc2 Rd8 25. Bb6 Ra8 26. Nd2 0-1

[Event "Mittelfr. Einzelmeisterschaft 2012"]
[Site "Weißenburg"]
[Date "2012.04.03"]
[Round "3.8"]
[White "Korth, Manfred"]
[Black "Andersen, Ernst"]
[Result "1-0"]
[WhiteElo "1734"]
[BlackElo "1530"]
[PlyCount "65"]
[EventDate "2012.??.??"]
[WhiteTeam "Heideck-Hilpoltstein SC"]
[BlackTeam "Roth PV"]

1. Nf3 Nf6 2. g3 e6 3. Bg2 d5 4. d3 Nbd7 5. Nbd2 Be7 6. O-O O-O 7. e4 dxe4 8.
dxe4 c6 9. Qe2 Qc7 10. Nc4 b5 11. Bf4 Qb7 12. Nd6 Bxd6 13. Bxd6 Re8 14. b3 a5
15. Rfd1 Qb6 16. Nd2 Ba6 17. c4 c5 18. e5 Rad8 19. Nf1 bxc4 20. bxc4 Qb4 21.
exf6 Bxc4 22. Qe3 Nxf6 23. Qxc5 Be2 24. Qxb4 axb4 25. Rd2 Bxf1 26. Kxf1 Nd5 27.
Bc5 Nc3 28. Rxd8 Rxd8 29. Bxb4 Rd1+ 30. Rxd1 Nxd1 31. Bc6 f6 32. Bb5 Kf7 33.
Ke2 1-0

[Event "Mittelfr. Einzelmeisterschaft 2012"]
[Site "Weißenburg"]
[Date "2012.04.03"]
[Round "3.9"]
[White "Müller, Roland"]
[Black "Merz, Andreas"]
[Result "0-1"]
[WhiteElo "1837"]
[BlackElo "1804"]
[PlyCount "44"]
[EventDate "2012.??.??"]
[WhiteTeam "Lauf a.d.P. SV"]
[BlackTeam "Treuchtlingen SC"]

1. b3 e5 2. Bb2 Nc6 3. c4 Nf6 4. e3 d5 5. cxd5 Nxd5 6. a3 Bd6 7. d3 O-O 8. Nf3
Qf6 9. Be2 Qg6 10. O-O Bh3 11. Ne1 Be6 12. Nd2 Bc5 13. Nef3 Bxe3 14. Nxe5 Nxe5
15. Bxe5 Nf4 16. Bxf4 Bxf4 17. Kh1 Rad8 18. Nf3 Rd7 19. Qc2 Rfd8 20. Rfd1 Bd5
21. Ne1 Qh6 22. h3 Qxh3+ 0-1

[Event "Mittelfr. Einzelmeisterschaft 2012"]
[Site "Weißenburg"]
[Date "2012.04.03"]
[Round "3.10"]
[White "Gajewski, Richard"]
[Black "Schuster, Erwin"]
[Result "0-1"]
[WhiteElo "1730"]
[BlackElo "1282"]
[PlyCount "98"]
[EventDate "2012.??.??"]
[WhiteTeam "Gunzenhausen FC"]
[BlackTeam "Treuchtlingen SC"]

1. e4 e6 2. f4 d5 3. e5 b6 4. Nf3 Ba6 5. d3 c5 6. b3 Ne7 7. g3 Nf5 8. Bg2 Nc6
9. c4 b5 10. cxd5 Qxd5 11. Nc3 Qd8 12. Ng5 Nfd4 13. a3 b4 14. Na4 Rc8 15. Bxc6+
Rxc6 16. Nb2 Qd5 17. Rf1 Nxb3 18. Rb1 Nd4 19. Bd2 b3 20. Nc4 Nc2+ 21. Ke2 Bxc4
22. dxc4 Qxc4+ 23. Kf2 Qd4+ 24. Kg2 c4 25. Nf3 Qd3 26. Rf2 Bc5 27. Re2 Bxa3 28.
Ne1 Qd5+ 29. Kh3 Nd4 30. Re3 Nf5 31. Rexb3 cxb3 32. Rxb3 Be7 33. Rb8+ Bd8 34.
Qa4 O-O 35. Bb4 Be7 36. Rxf8+ Kxf8 37. Bxe7+ Kxe7 38. Qxa7+ Qd7 39. Qa3+ Kd8
40. g4 Nd4 41. Qf8+ Kc7 42. Qxg7 Rc3+ 43. Kh4 Nf3+ 44. Nxf3 Rxf3 45. Qxh7 Qe7+
46. g5 Rxf4+ 47. Kh5 Qb4 48. Qc2+ Kd7 49. Kh6 Qf8+ 0-1

[Event "Mittelfr. Einzelmeisterschaft 2012"]
[Site "Weißenburg"]
[Date "2012.04.03"]
[Round "3.11"]
[White "Hummel, Hannes"]
[Black "Pöschl, Herbert"]
[Result "0-1"]
[WhiteElo "1200"]
[BlackElo "1611"]
[PlyCount "68"]
[EventDate "2012.??.??"]
[WhiteTeam "Bad Windsheim SC"]
[BlackTeam "Weißenburg TSV"]

1. e4 e6 2. Nf3 d5 3. d3 dxe4 4. dxe4 Qxd1+ 5. Kxd1 Nf6 6. Nc3 Bc5 7. Be3 Bxe3
8. fxe3 O-O 9. e5 Ng4 10. Ke1 Nxe3 11. Kd2 Ng4 12. Nb5 Na6 13. Rd1 Rd8+ 14. Ke1
Rxd1+ 15. Kxd1 Bd7 16. Nc3 Nf2+ 17. Ke1 Nxh1 18. Be2 Nb4 19. a3 Nxc2+ 20. Kd2
Na1 21. Ke1 Bc6 22. Kf1 Rd8 23. Nd1 Nb3 24. Kg1 Nc1 25. Kxh1 Nxe2 26. Nf2 Bxf3
27. gxf3 Rd2 28. Ne4 Rxb2 29. Kg2 Nf4+ 30. Kg3 Nd3 31. a4 Nxe5 32. Kf4 f6 33.
Ke3 Rb3+ 34. Kf4 Rxf3# 0-1

[Event "Mittelfr. Einzelmeisterschaft 2012"]
[Site "Weißenburg"]
[Date "2012.04.03"]
[Round "3.12"]
[White "Schuster, Alfred"]
[Black "Hertlein, Stefan"]
[Result "0-1"]
[WhiteElo "1636"]
[BlackElo "1663"]
[PlyCount "52"]
[EventDate "2012.??.??"]
[WhiteTeam "Treuchtlingen SC"]
[BlackTeam "Treuchtlingen SC"]

1. e4 d6 2. Nf3 Nf6 3. Nc3 g6 4. Bc4 Bg7 5. O-O O-O 6. d4 c6 7. Bg5 b5 8. Bd3
Qa5 9. Re1 Bg4 10. Bxf6 Bxf6 11. Be2 b4 12. Nb1 Bxf3 13. Bxf3 Qb6 14. e5 dxe5
15. dxe5 Rd8 16. Qe2 Bg7 17. Nd2 e6 18. Nc4 Qc7 19. Rad1 Rxd1 20. Rxd1 Nd7 21.
g3 Nxe5 22. Nxe5 Bxe5 23. Bxc6 Qxc6 24. Qxe5 Qxc2 25. Rd7 Qc1+ 26. Kg2 Qc6+ 0-1

[Event "Mittelfr. Einzelmeisterschaft 2012"]
[Site "Weißenburg"]
[Date "2012.04.03"]
[Round "3.13"]
[White "Bader, Norbert"]
[Black "Babichev, Vyacheslav"]
[Result "1-0"]
[WhiteElo "1494"]
[BlackElo "1765"]
[PlyCount "115"]
[EventDate "2012.??.??"]
[WhiteTeam "Hersbruck SC"]
[BlackTeam "Nürnberg Süd SW"]

1. Nf3 Nf6 2. d4 g6 3. Bf4 Bg7 4. c3 O-O 5. Nbd2 d5 6. e3 Nbd7 7. Be2 c6 8. O-O
Ne8 9. e4 f6 10. Qb3 e6 11. exd5 cxd5 12. h4 a5 13. c4 e5 14. dxe5 fxe5 15. Bg5
Qc7 16. cxd5 Kh8 17. Rac1 Qb8 18. Ne4 h6 19. Be7 Rf4 20. Qc2 Nb6 21. g3 Rf7 22.
d6 Bf5 23. Nfd2 Be6 24. Rfd1 Qa7 25. Nc5 Bf5 26. Nde4 Nd7 27. Qb3 Nxc5 28. Nxc5
Rxe7 29. dxe7 b6 30. g4 Qxe7 31. gxf5 bxc5 32. Qe6 Qxh4 33. Qxg6 Nf6 34. Rc4
Ne4 35. Qg2 Qg5 36. Rxe4 Qxf5 37. Rxe5 Qf8 38. Re6 Ra7 39. Qc6 Ra8 40. Bh5 Rc8
41. Qxc8 Qxc8 42. Re8+ Qxe8 43. Bxe8 Bxb2 44. Rd7 a4 45. Rc7 a3 46. Rxc5 Kg7
47. Rf5 Bc1 48. Rf7+ Kg8 49. Ra7 Kf8 50. Bg6 Bb2 51. Kg2 Bc1 52. Kg3 Bb2 53.
Kg4 Bc1 54. Kf5 Bb2 55. f4 Kg8 56. Ke6 Kf8 57. f5 Kg8 58. f6 1-0

[Event "Mittelfr. Einzelmeisterschaft 2012"]
[Site "Weißenburg"]
[Date "2012.04.03"]
[Round "3.14"]
[White "Häßlein, Rainer"]
[Black "Rebhann, Leo"]
[Result "0-1"]
[WhiteElo "1519"]
[BlackElo "1517"]
[PlyCount "90"]
[EventDate "2012.??.??"]
[WhiteTeam "Wolframs-Eschenbach"]
[BlackTeam "Erlangen BSGW"]

1. e4 c5 2. Nf3 d6 3. c3 Nc6 4. d4 cxd4 5. cxd4 Nf6 6. Nc3 e6 7. Bd3 Be7 8. h4
h6 9. Be3 a6 10. a3 Qc7 11. Rc1 Qb8 12. Qe2 Bd7 13. d5 Ne5 14. Nxe5 dxe5 15.
dxe6 Bxe6 16. Na4 Nd7 17. O-O O-O 18. Rc3 Rc8 19. Rfc1 Rxc3 20. Rxc3 b5 21. Nc5
Nxc5 22. Bxc5 Bxh4 23. Be3 Qd8 24. f4 exf4 25. Bxf4 Bf6 26. e5 Qd4+ 27. Kh1
Qxf4 28. exf6 Qxf6 29. Qe4 Rd8 30. Qh7+ Kf8 31. g3 Bd5+ 32. Kh2 Qf2+ 33. Kh3
Be6+ 34. g4 Qf3+ 35. Kh2 Qf4+ 36. Kg1 Qxg4+ 37. Kf2 Qf4+ 38. Ke1 Qe3+ 39. Be2
Qg1+ 40. Bf1 Bc4 41. Rf3 Re8+ 42. Kd2 Qd4+ 43. Bd3 Qxb2+ 44. Bc2 Rd8+ 45. Ke3
Qd4# 0-1

[Event "Mittelfr. Einzelmeisterschaft 2012"]
[Site "Weißenburg"]
[Date "2012.04.03"]
[Round "4.1"]
[White "Link, Andreas"]
[Black "Stiller, Jürgen"]
[Result "0-1"]
[WhiteElo "1968"]
[BlackElo "2200"]
[PlyCount "64"]
[EventDate "2012.??.??"]
[WhiteTeam "Nürnberg Zabo Spvg"]
[BlackTeam "Nürnberg Süd SW"]

1. Nf3 Nf6 2. d4 g6 3. g3 Bg7 4. Bg2 O-O 5. O-O d6 6. c4 Nc6 7. Nc3 a6 8. e4
Bg4 9. h3 Bxf3 10. Bxf3 Nd7 11. Be3 e5 12. d5 Nd4 13. Bg2 c5 14. dxc6 bxc6 15.
f4 Rb8 16. Qd2 Qb6 17. Rf2 Qb4 18. b3 f5 19. Rd1 Nf6 20. Kh2 a5 21. fxe5 dxe5
22. exf5 gxf5 23. Ne2 Ne4 24. Bxe4 fxe4 25. Qxb4 axb4 26. Ng1 Rxf2+ 27. Bxf2
Ra8 28. Rd2 Bh6 29. Rb2 Bc1 30. Rb1 Rxa2 31. Rxc1 Rxf2+ 32. Kh1 e3 0-1

[Event "Mittelfr. Einzelmeisterschaft 2012"]
[Site "Weißenburg"]
[Date "2012.04.03"]
[Round "4.2"]
[White "Hein, Manfred"]
[Black "Vogt, Peter"]
[Result "1/2-1/2"]
[WhiteElo "2087"]
[BlackElo "1910"]
[PlyCount "76"]
[EventDate "2012.??.??"]
[WhiteTeam "Gunzenhausen FC"]
[BlackTeam "Schwanstetten SK"]

1. e4 c5 2. Nf3 d6 3. d4 cxd4 4. Nxd4 Nf6 5. Nc3 a6 6. Be2 e5 7. Nb3 Be7 8. Be3
O-O 9. O-O Be6 10. f3 Nc6 11. Qd2 d5 12. exd5 Nxd5 13. Nxd5 Qxd5 14. Qxd5 Bxd5
15. Rfd1 Be6 16. Nc5 Bxc5 17. Bxc5 Rfd8 18. a3 Rxd1+ 19. Rxd1 Rd8 20. Rxd8+
Nxd8 21. c4 f6 22. b4 Kf7 23. b5 axb5 24. cxb5 Ke8 25. a4 Bd5 26. a5 Ne6 27.
Bb4 Kd7 28. Kf2 g6 29. h4 Nd4 30. Bd3 f5 31. Bc3 Nb3 32. h5 Ke6 33. hxg6 hxg6
34. Bb4 Nd4 35. Bc5 Nb3 36. Bb6 Nd2 37. a6 bxa6 38. bxa6 Nc4 1/2-1/2

[Event "Mittelfr. Einzelmeisterschaft 2012"]
[Site "Weißenburg"]
[Date "2012.04.03"]
[Round "4.3"]
[White "Fischer, Gerd"]
[Black "Kroneder, Christian"]
[Result "1/2-1/2"]
[WhiteElo "2104"]
[BlackElo "2149"]
[PlyCount "63"]
[EventDate "2012.??.??"]
[WhiteTeam "Gunzenhausen FC"]
[BlackTeam "Schwanstetten SK"]

1. e4 c5 2. Nc3 Nc6 3. g3 g6 4. Bg2 Bg7 5. f4 d6 6. Nf3 Nf6 7. d3 O-O 8. O-O
Rb8 9. h3 e5 10. f5 gxf5 11. exf5 Bxf5 12. Nxe5 Ne7 13. Nf3 Qd7 14. Kh2 Bg6 15.
Ne2 Rbe8 16. Nh4 Ned5 17. Nf4 Ne3 18. Bxe3 Rxe3 19. Qd2 Rfe8 20. Rae1 Rxe1 21.
Rxe1 Rxe1 22. Qxe1 b6 23. Nhxg6 hxg6 24. b3 Qf5 25. a4 g5 26. Ne2 Nh5 27. Qf1
Qe6 28. Qf3 Nf6 29. Ng1 g4 30. Qe2 Qxe2 31. Nxe2 gxh3 32. Kxh3 1/2-1/2

[Event "Mittelfr. Einzelmeisterschaft 2012"]
[Site "Weißenburg"]
[Date "2012.04.03"]
[Round "4.4"]
[White "Koch, Walter"]
[Black "Wittmann, Helmut"]
[Result "0-1"]
[WhiteElo "1839"]
[BlackElo "2087"]
[PlyCount "48"]
[EventDate "2012.??.??"]
[WhiteTeam "Cadolzburg TSV"]
[BlackTeam "Erlangen BSGW"]

1. e4 g6 2. d4 Bg7 3. Nf3 d6 4. Bd3 Bg4 5. c3 Nc6 6. Be3 e5 7. Bb5 exd4 8. cxd4
a6 9. Bxc6+ bxc6 10. h3 Bxf3 11. Qxf3 c5 12. e5 cxd4 13. Qc6+ Kf8 14. Bxd4 Qe8
15. Qxe8+ Rxe8 16. O-O Bxe5 17. Bxe5 Rxe5 18. Nd2 Nf6 19. Rac1 Re2 20. Nb3 c5
21. Rfd1 Ke7 22. Na5 Rc8 23. Kf1 Rxb2 24. Rxd6 Rxf2+ 0-1

[Event "Mittelfr. Einzelmeisterschaft 2012"]
[Site "Weißenburg"]
[Date "2012.04.03"]
[Round "4.5"]
[White "Beck, Karl"]
[Black "Korth, Manfred"]
[Result "1-0"]
[WhiteElo "2012"]
[BlackElo "1734"]
[PlyCount "77"]
[EventDate "2012.??.??"]
[WhiteTeam "Markt Berolzheim SC"]
[BlackTeam "Heideck-Hilpoltstein SC"]

1. e4 d6 2. d4 Nf6 3. Nc3 g6 4. f4 Bg7 5. Nf3 O-O 6. Bd3 Nc6 7. O-O Bg4 8. Be2
Nd7 9. Be3 e5 10. fxe5 Bxf3 11. Bxf3 dxe5 12. d5 Ne7 13. d6 cxd6 14. Qxd6 Nf6
15. Rad1 Qxd6 16. Rxd6 Nc6 17. Be2 Ne8 18. Rd7 Nf6 19. Rxb7 Rab8 20. Rc7 Nd4
21. Bc4 Rbc8 22. Bxf7+ Kh8 23. Rxc8 Rxc8 24. Bg5 Nd7 25. Rf2 Bf8 26. Bd5 Bb4
27. Rf7 Rf8 28. Rxf8+ Bxf8 29. Bb3 Kg7 30. Kf1 Bc5 31. Nd5 h6 32. Bd2 g5 33. c3
Nxb3 34. axb3 a5 35. Ke2 Bd6 36. Be3 Bc5 37. b4 axb4 38. cxb4 Bd6 39. Kd3 1-0

[Event "Mittelfr. Einzelmeisterschaft 2012"]
[Site "Weißenburg"]
[Date "2012.04.03"]
[Round "4.6"]
[White "Bildt, Thomas"]
[Black "Schuster, Erwin"]
[Result "1-0"]
[WhiteElo "1994"]
[BlackElo "1282"]
[PlyCount "59"]
[EventDate "2012.??.??"]
[WhiteTeam "Zirndorf SK"]
[BlackTeam "Treuchtlingen SC"]

1. e4 e6 2. d4 d5 3. f3 b6 4. Be3 Ba6 5. Bxa6 Nxa6 6. c3 Nb8 7. Ne2 Ne7 8. Nd2
Ng6 9. O-O Nd7 10. e5 c5 11. f4 c4 12. Ng3 Nh4 13. f5 f6 14. Qh5+ Ng6 15. fxg6
h6 16. Rf2 Qe7 17. Nxc4 dxc4 18. Ne4 f5 19. Nd6+ Kd8 20. Nf7+ Kc7 21. d5 exd5
22. Qxf5 Nxe5 23. Bf4 Qc5 24. Nxe5 Bd6 25. Qd7+ Kb8 26. Nc6+ Qxc6 27. Qxc6 Bxf4
28. Rxf4 Rc8 29. Qd7 a5 30. Rf7 1-0

[Event "Mittelfr. Einzelmeisterschaft 2012"]
[Site "Weißenburg"]
[Date "2012.04.03"]
[Round "4.7"]
[White "Merz, Andreas"]
[Black "Bolten, Daniel"]
[Result "0-1"]
[WhiteElo "1804"]
[BlackElo "2028"]
[PlyCount "79"]
[EventDate "2012.??.??"]
[WhiteTeam "Treuchtlingen SC"]
[BlackTeam "Nürnberg Süd SW"]

1. e4 e6 2. d4 d5 3. Nd2 c5 4. Ngf3 Nf6 5. exd5 Qxd5 6. Bc4 Qd6 7. dxc5 Qxc5 8.
O-O Be7 9. Qe2 Nbd7 10. Nb3 Qc7 11. Nbd4 Nb6 12. Bb3 O-O 13. Re1 Nbd5 14. Ng5
Qb6 15. Ndf3 h6 16. c4 Nc7 17. Ne4 Nxe4 18. Qxe4 Ne8 19. Ne5 Nf6 20. Qf3 Bd7
21. Qg3 Kh8 22. Qh3 Be8 23. Bc2 Ng8 24. Ng4 Qa5 25. Re5 Qc7 26. Nxh6 Nxh6 27.
Bxh6 f5 28. Rxe6 Kg8 29. Bd2 Qd7 30. Re2 Bg6 31. Bc3 Bc5 32. Qg3 Qf7 33. Re5
Bd6 34. f4 Bxe5 35. Bxe5 a5 36. a4 Kh7 37. c5 Bh5 38. Bd6 Rfe8 39. Bb3 Qg6 40.
Qxg6+ 0-1